<?xml version="1.0" encoding="UTF-8"?><?xml-stylesheet type="text/xsl" href="static/style.xsl"?><OAI-PMH xmlns="http://www.openarchives.org/OAI/2.0/" xmlns:xsi="http://www.w3.org/2001/XMLSchema-instance" xsi:schemaLocation="http://www.openarchives.org/OAI/2.0/ http://www.openarchives.org/OAI/2.0/OAI-PMH.xsd"><responseDate>2026-04-17T14:28:46Z</responseDate><request verb="GetRecord" identifier="oai:www.recercat.cat:10256/27419" metadataPrefix="marc">https://recercat.cat/oai/request</request><GetRecord><record><header><identifier>oai:recercat.cat:10256/27419</identifier><datestamp>2025-09-30T19:10:17Z</datestamp><setSpec>com_2072_452966</setSpec><setSpec>com_2072_2054</setSpec><setSpec>col_2072_452969</setSpec></header><metadata><record xmlns="http://www.loc.gov/MARC21/slim" xmlns:dcterms="http://purl.org/dc/terms/" xmlns:xsi="http://www.w3.org/2001/XMLSchema-instance" xmlns:doc="http://www.lyncode.com/xoai" xsi:schemaLocation="http://www.loc.gov/MARC21/slim http://www.loc.gov/standards/marcxml/schema/MARC21slim.xsd">
   <leader>00925njm 22002777a 4500</leader>
   <datafield ind2=" " ind1=" " tag="042">
      <subfield code="a">dc</subfield>
   </datafield>
   <datafield ind2=" " ind1=" " tag="720">
      <subfield code="a">Ramírez Hernández, Gabriel Felipe</subfield>
      <subfield code="e">author</subfield>
   </datafield>
   <datafield ind2=" " ind1=" " tag="260">
      <subfield code="c">2025-04</subfield>
   </datafield>
   <datafield ind2=" " ind1=" " tag="520">
      <subfield code="a">El presente trabajo analiza las dificultades inherentes a la determinación y prueba del nexo causal en el delito ecológico base, regulado en el artículo 325.1 del Código Penal español. A partir del análisis doctrinal y jurisprudencial, se constata la configuración predominante de este delito como un delito de peligro hipotético. Sin embargo, esta calificación plantea desafíos conceptuales y probatorios, especialmente en la determinación el grado de probabilidad que se exige para considerar penalmente relevante dicho riesgo y en la ausencia de criterios cuantitativos verificables. Se propone la adopción de un modelo de causalidad general, sustentado en la prueba científica y en el uso de la probabilidad estadística, que permita fundamentar de manera objetiva el juicio de peligrosidad</subfield>
   </datafield>
   <datafield ind2=" " ind1=" " tag="520">
      <subfield code="a">This paper examines the inherent difficulties in determining and proving the causal link in the basic environmental offense, as regulated in Article 325.1 of the Spanish Criminal Code. Based on doctrinal and case law analysis, it is confirmed that this offense is predominantly classified as a hypothetical endangerment crime. However, this classification presents conceptual and evidentiary challenges, particularly regarding the degree of probability required for the risk to be considered criminally relevant, and the lack of verifiable quantitative criteria. The paper proposes the adoption of a general causality model, grounded in scientific evidence and the use of statistical probability, to objectively support the assessment of dangerousness</subfield>
   </datafield>
   <datafield ind2=" " ind1=" " tag="520">
      <subfield code="a">16</subfield>
   </datafield>
   <datafield ind1="8" ind2=" " tag="024">
      <subfield code="a">http://hdl.handle.net/10256/27419</subfield>
   </datafield>
   <datafield tag="653" ind2=" " ind1=" ">
      <subfield code="a">Delictes ecològics  -- Espanya</subfield>
   </datafield>
   <datafield tag="653" ind2=" " ind1=" ">
      <subfield code="a">Perill (Dret) -- Espanya</subfield>
   </datafield>
   <datafield tag="653" ind2=" " ind1=" ">
      <subfield code="a">Causalitat (Dret penal) -- Espanya</subfield>
   </datafield>
   <datafield tag="653" ind2=" " ind1=" ">
      <subfield code="a">Estadística</subfield>
   </datafield>
   <datafield tag="653" ind2=" " ind1=" ">
      <subfield code="a">Probabilitats</subfield>
   </datafield>
   <datafield tag="653" ind2=" " ind1=" ">
      <subfield code="a">Offenses against the environment  -- Spain</subfield>
   </datafield>
   <datafield tag="653" ind2=" " ind1=" ">
      <subfield code="a">Danger (Law) -- Spain</subfield>
   </datafield>
   <datafield tag="653" ind2=" " ind1=" ">
      <subfield code="a">Causation (Criminal law) -- Spain</subfield>
   </datafield>
   <datafield tag="653" ind2=" " ind1=" ">
      <subfield code="a">Statistics -- Spain</subfield>
   </datafield>
   <datafield tag="653" ind2=" " ind1=" ">
      <subfield code="a">Probabilities -- Spain</subfield>
   </datafield>
   <datafield ind2="0" ind1="0" tag="245">
      <subfield code="a">Prueba de la relación causal en el delito ecológico base: problemas y propuestas de solución</subfield>
   </datafield>
</record></metadata></record></GetRecord></OAI-PMH>